Advanced macroeconomics : (Record no. 31597)

000 -LEADER
fixed length control field 01034cam a22003257i 4500
001 - CONTROL NUMBER
control field 20786024
005 - DATE AND TIME OF LATEST TRANSACTION
control field 20230531092406.0
008 - FIXED-LENGTH DATA ELEMENTS--GENERAL INFORMATION
fixed length control field 181218s2019 enk b 001 0 eng d
010 ## - LIBRARY OF CONGRESS CONTROL NUMBER
LC control number 2018967813
020 ## - INTERNATIONAL STANDARD BOOK NUMBER
International Standard Book Number 9781788970976
020 ## - INTERNATIONAL STANDARD BOOK NUMBER
International Standard Book Number 1788970977
020 ## - INTERNATIONAL STANDARD BOOK NUMBER
International Standard Book Number 9781788970990
020 ## - INTERNATIONAL STANDARD BOOK NUMBER
International Standard Book Number 1788970993
020 ## - INTERNATIONAL STANDARD BOOK NUMBER
Canceled/invalid ISBN 9781788970983
035 ## - SYSTEM CONTROL NUMBER
System control number (OCoLC)on1099828544
040 ## - CATALOGING SOURCE
Original cataloging agency UKMGB
Language of cataloging eng
Transcribing agency UKMGB
Description conventions rda
Modifying agency OCLCO
-- LSD
-- OCLCF
-- DLC
042 ## - AUTHENTICATION CODE
Authentication code lccopycat
050 00 - LIBRARY OF CONGRESS CALL NUMBER
Classification number HB 172.5 .M548 2019
082 04 - DEWEY DECIMAL CLASSIFICATION NUMBER
Classification number 339
Edition number 23
100 1# - MAIN ENTRY--PERSONAL NAME
Personal name Minford, Patrick,
Relator term author.
245 10 - TITLE STATEMENT
Title Advanced macroeconomics :
Remainder of title a primer /
Statement of responsibility, etc. Patrick Minford, David Peel.
250 ## - EDITION STATEMENT
Edition statement Second edition.
260 ## - PUBLICATION, DISTRIBUTION, ETC. (IMPRINT)
Place of publication, distribution, etc. Cheltenham, UK:
Name of publisher, distributor, etc. Edward Elgar Publishing,
Date of publication, distribution, etc. 2019.
300 ## - PHYSICAL DESCRIPTION
Extent ix, 502 pages ;
Dimensions 26 cm.
504 ## - BIBLIOGRAPHY, ETC. NOTE
Bibliography, etc Includes bibliographical references (pages 445-484) and index.
650 #0 - SUBJECT ADDED ENTRY--TOPICAL TERM
Topical term or geographic name as entry element Macroeconomics.
650 #7 - SUBJECT ADDED ENTRY--TOPICAL TERM
Topical term or geographic name as entry element Macroeconomics.
Source of heading or term fast
700 1# - ADDED ENTRY--PERSONAL NAME
Personal name Peel, D.,
Relator term author.
942 ## - ADDED ENTRY ELEMENTS (KOHA)
Source of classification or shelving scheme
Koha item type Hard Covered Materials
Classification part HB 172.5 .M548 2019
Holdings
Withdrawn status Lost status Source of classification or shelving scheme Damaged status Not for loan Home library Current library Shelving location Date acquired Source of acquisition Total Checkouts Full call number Barcode Date last seen Price effective from Koha item type
          MACHAKOS UNIVERSITY LIBRARY MACHAKOS UNIVERSITY LIBRARY Open shelf 10/05/2023 Purchase - Falcon Books   HB 172.5 .M548 2019 39363 31/05/2023 31/05/2023 Hard Covered Materials
© Machakos University Library, Along The Highway, Machakos Wote Rd, Machakos, Kenya P.O. Box 136 - 90100 Machakos - Kenya

Tel: ( +254 ) 723 805829 OR Fax : 044-20353 OR Email: library@mksu.ac.ke